000 00828nam a2200205Ia 4500
003 GCL
005 20240530110214.0
008 140319s9999 xx 000 0 ara d
040 _aGCL /
_cGCL
082 0 4 _a920.71
_bخ ت
100 1 _aالخطيب البغدادى : ابوبكر احمد بن على بن ثابت بن احمد بن مهدى الشافعى
245 1 0 _aتاريخ بغداد او مدينة السلام /
_cالخطيب البغدادى : ابوبكر احمد بن على بن ثابت بن احمد بن مهدى الشافعى
260 _aبيروت :
_bدار الكتاب العربى
300 _aمتعدد ؛
_c24 سم
650 0 4 _aالاسلام
650 0 4 _aالعراق
650 0 4 _aالعراق القديم - تاريخ
650 0 4 _aبغداد - تاريخ
942 _2ddc
_cREF
999 _c59347
_d59347